[Event "TCh-HUN 2010-11"]
[Site "Budapest HUN"]
[Date "2011.05.01"]
[Round "10"]
[White "Emodi,B"]
[Black "Taskovits,I"]
[Result "1/2-1/2"]
[WhiteElo "2369"]
[BlackElo "2291"]

1.Nf3 d5 2.g3 c6 3.Bg2 Bg4 4.h3 Bh5 5.O-O Nd7 6.d3 e5 7.c4 Ngf6 8.Nc3 d4
9.Ne4 Nxe4 10.dxe4 Bd6 11.Nh4 O-O 12.Nf5 Bc5 13.a3 a5 14.b3 b5 15.cxb5 cxb5
16.Qd2 f6 17.Nxg7 Bf7 18.Nf5 Bxb3 19.Qh6 Rf7 20.Qh5 Bf8 21.Bh6 Kh8 22.Rab1 Bc4
23.Rfc1 Qe8 24.Bxf8 Rxf8 25.Qh6 Qg6 26.Qd2 Nc5 27.Rxb5 Nb3 28.Rxb3 Bxb3 29.Rc7 Rf7
30.Rc5 a4 31.f4 Be6 32.g4 Rb8 33.fxe5 Qg5  1/2-1/2

[Event "TCh-HUN 2010-11"]
[Site "Budapest HUN"]
[Date "2011.05.01"]
[Round "10"]
[White "Sebestyen,Bala"]
[Black "Emodi,G"]
[Result "1/2-1/2"]
[WhiteElo "2227"]
[BlackElo "2264"]

1.Nf3 d5 2.g3 g6 3.Bg2 Bg7 4.O-O e5 5.d3 Ne7 6.Nbd2 O-O 7.e4 Nbc6 8.exd5 Nxd5
9.Nc4 h6 10.Re1 Re8 11.Bd2 Nb6 12.Nxb6 axb6 13.Bc3 Bf5 14.Nh4 Be6 15.Qd2 Bd5
16.a3 Kh7 17.Re2 Bxg2 18.Nxg2 Nd4 19.Bxd4 Qxd4 20.c3 Qd6 21.Qc2 Rad8 22.Re3 h5
23.Rae1 Re6 24.Qe2 Rde8 25.Qf3 R8e7 26.Qxb7 Bh6 27.R3e2 Qxd3 28.Ne3 Rd6 29.Nc2 Bd2
30.Nb4 Qb5 31.a4 Qc5 32.Rd1 Bxc3 33.Rxd6 Qxd6 34.Nd5 Ba5 35.Nxe7 Qd1+ 36.Kg2 Qxe2
37.Qxc7 Qe4+ 38.Kg1 Qe1+ 39.Kg2 Qe4+ 40.Kg1 Qe1+  1/2-1/2

[Event "Karlovy Vary Open"]
[Site "Karlovy Vary CZE"]
[Date "2011.05.01"]
[Round "5.4"]
[White "Fiala,R"]
[Black "Wimmer,Mi"]
[Result "0-1"]
[WhiteElo "2295"]
[BlackElo "2088"]

1.Nf3 d5 2.g3 Nf6 3.Bg2 Bf5 4.O-O e6 5.d3 h6 6.Nbd2 Be7 7.Qe1 O-O 8.e4 Bh7
9.Qe2 c5 10.b3 Nc6 11.Bb2 Rc8 12.Rfd1 b5 13.c4 a6 14.Ne5 Nxe5 15.Bxe5 d4
16.Bxf6 gxf6 17.cxb5 axb5 18.a4 Rb8 19.f4 f5 20.e5 Bg6 21.h4 f6 22.exf6 Rxf6
23.axb5 Qe8 24.Bc6 Qf7 25.Re1 Bh5 26.Qe5 Rd8 27.Ra7 Qg6 28.Rxe7 Qxg3+ 29.Bg2 Rg6
30.Re2 Bxe2 31.Qxe2 Qe3+ 32.Qxe3 dxe3 33.Nf3 Rb8 34.h5 Rf6 35.Kf1 Rxb5 36.Ke2 Rxb3
37.Kxe3 c4 38.Bf1 Rb1 39.Nd2 c3  0-1

[Event "Nakhchivan Open"]
[Site "Nakhchivan AZE"]
[Date "2011.05.01"]
[Round "9"]
[White "Miroshnichenko,E"]
[Black "Guramishvili,S"]
[Result "1-0"]
[WhiteElo "2670"]
[BlackElo "2334"]

1.Nf3 d5 2.g3 Nf6 3.Bg2 c6 4.c4 dxc4 5.O-O Nbd7 6.Qc2 Nb6 7.a4 a5 8.Na3 Qd5
9.Ne1 Bf5 10.Bxd5 Bxc2 11.Bxc6+ bxc6 12.Naxc2 g6 13.d3 cxd3 14.Nxd3 Bg7 15.Be3 Nfd5
16.Bd4 O-O 17.Bxg7 Kxg7 18.Rfc1 Rfd8 19.Nce1 Rd6 20.Kf1 f6 21.Rc2 e5 22.e4 Ne7
23.Nc5 Kf7 24.Ke2 Nd7 25.Ned3 Nxc5 26.Nxc5 Rb8 27.Ra3 Rd4 28.Rd3 Rbb4 29.b3 Rxd3
30.Kxd3 Nc8 31.Rc4 Rb6 32.Kc2 Nd6 33.Rc3 Rb4 34.f3 Ke7 35.Nd3 Rb6 36.Kb2 Nb7
37.Ka3 Kd6 38.Nb2 Ke7 39.Nc4 Ra6 40.b4 axb4+ 41.Kxb4 Nd6 42.Nd2 Rb6+ 43.Ka3 Ra6
44.Kb4 Rb6+ 45.Kc5 Ra6 46.Ra3 Kd7 47.Rd3 Ra5+ 48.Kb4 Ra8 49.Nc4 c5+ 50.Kb3  1-0

[Event "TCh-ESP Selecciones Autonomicas"]
[Site "Gijon ESP"]
[Date "2011.05.02"]
[Round "6.1"]
[White "Cacho Reigadas,S"]
[Black "Vigil Alvarez,L"]
[Result "1-0"]
[WhiteElo "2518"]
[BlackElo "2306"]

1.Nf3 d5 2.g3 Nf6 3.Bg2 c6 4.d3 Bf5 5.Nh4 Bc8 6.f4 g6 7.O-O Bg7 8.h3 O-O
9.Qe1 Nbd7 10.e4 dxe4 11.dxe4 Ne8 12.Nc3 Nc7 13.Be3 Nb6 14.Rd1 Qe8 15.b3 Bd7
16.Ne2 Qc8 17.Kh2 Na6 18.a4 Qc7 19.a5 Nc8 20.f5 Be8 21.Nf3 b6 22.Bf4 Qb7
23.g4 Nc5 24.e5 bxa5 25.Qxa5 Na6 26.Nfd4 Nc7 27.f6 Bh8 28.Bh6 Nd5 29.Bxd5 cxd5
30.Bxf8 Kxf8 31.Ng3 Nb6 32.Qd2 Kg8 33.g5 Qc7 34.Rde1 Rc8 35.Qf4 h6 36.h4 Kh7
37.h5 hxg5 38.Qxg5 exf6 39.exf6  1-0

[Event "4NCL 2010-11"]
[Site "Hinkley Island ENG"]
[Date "2011.05.02"]
[Round "11.12"]
[White "Lauterbach,I"]
[Black "Messam Sparks,L"]
[Result "1-0"]
[WhiteElo "2109"]
[BlackElo "1917"]

1.Nf3 d5 2.g3 Nf6 3.Bg2 c6 4.O-O Bf5 5.d3 Qc8 6.Re1 Bh3 7.Bh1 h5 8.e4 dxe4
9.dxe4 e5 10.Nxe5 h4 11.Nc4 hxg3 12.fxg3 Qe6 13.e5 Bc5+ 14.Be3 Qxc4 15.exf6 O-O
16.Na3 Qb4 17.fxg7 Kxg7 18.c3 Bxe3+ 19.Rxe3 Qxb2 20.Nc4 Qb5 21.Qd4+ f6 22.Re7+ Kg8
23.Nd6 Qb6 24.Nxb7 Rf7 25.Re8+ Kg7 26.Nc5 Nd7 27.Ne6+ Bxe6 28.Qxb6 Nxb6 29.Rxe6 Rd8
30.Bxc6 Rc8 31.Rf1 Nc4 32.Be8 Rf8 33.Re7+ Kh8 34.Bd7 Rc7 35.Rf4 Ne5 36.Rh4+ Kg8
37.Be6+  1-0

[Event "ch-UKR semi-final"]
[Site "Alushta UKR"]
[Date "2011.05.03"]
[Round "1.2"]
[White "Kuzubov,Y"]
[Black "Burdalev,K"]
[Result "1-0"]
[WhiteElo "2639"]
[BlackElo "2249"]

1.Nf3 d5 2.g3 c6 3.Bg2 Bg4 4.O-O Nd7 5.d4 e6 6.Nbd2 Ngf6 7.Re1 Be7 8.e4 Nb6
9.c3 Rc8 10.a4 a5 11.Qb3 O-O 12.Ne5 Bh5 13.h4 dxe4 14.Nxe4 Nxe4 15.Bxe4 Bd6
16.Qc2 Bg6 17.Nxg6 hxg6 18.Kg2 Nd5 19.Bg5 Be7 20.Bd2 c5 21.dxc5 Rxc5 22.Rad1 Qc8
23.Bc1 Rd8 24.Qb3 Bf6 25.Bf3 Qc7 26.Rd3 Rc4 27.Re4 Rxe4 28.Bxe4 Be7 29.Kf1 Qe5
30.Bxd5 exd5 31.Be3 Qe4 32.Qb5 Bf6 33.Kg1 Rd6 34.Rd2 Qb1+ 35.Kh2 Qe4 36.Qxb7 Be5
37.Qc8+ Kh7 38.Qh3 Qxa4 39.h5 Kg8 40.hxg6 fxg6 41.Qc8+ Kf7 42.Bd4 Bf6 43.Bxf6 gxf6
44.Rd4 Qd7 45.Qh8 g5 46.Kg2 Qb5 47.Rd1 Qe2 48.Qh7+ Kf8 49.Rd3 Qe7 50.Qh8+ Kf7
51.Re3 Re6 52.Qh7+ Kf8 53.Qh6+ Ke8 54.Qg6+ Kf8 55.Rd3 Rd6 56.Rd1 Qe2 57.Ra1 Qe4+
58.Qxe4 dxe4 59.Rxa5 Rd2 60.b4 e3 61.Kf3 exf2 62.Kg2 Ke7 63.Rc5 Ke6 64.b5 f5
65.c4 Rb2 66.Rd5 Rb4 67.Rc5 Rb2 68.Rc6+ Ke5 69.b6 f4 70.gxf4+ gxf4 71.c5 f3+
72.Kf1 Kd4 73.Rc8 Ke3 74.Re8+ Kf4 75.c6 Rb1+ 76.Kxf2 Rb2+ 77.Ke1 f2+ 78.Kf1 Kf3
79.Rf8+ Ke3 80.c7 Rb1+ 81.Kg2 Rg1+ 82.Kh2  1-0

[Event "European Senior Team"]
[Site "Thessaloniki GRE"]
[Date "2011.05.03"]
[Round "1"]
[White "Koskinen,V"]
[Black "Singer,H"]
[Result "1/2-1/2"]
[WhiteElo "1988"]
[BlackElo "2274"]

1.Nf3 d5 2.g3 Nf6 3.Bg2 Nc6 4.O-O e5 5.d3 Bc5 6.c3 a5 7.d4 Bd6 8.dxe5 Nxe5
9.Nxe5 Bxe5 10.Nd2 c6 11.e4 dxe4 12.Nxe4 Qxd1 13.Rxd1 Nxe4 14.Bxe4 Be6 15.Be3 O-O
16.Bb6 a4 17.a3 g6 18.f4 Bf6 19.Kf2 Rfe8 20.Bf3 h5 21.h4 Kg7 22.Rd2 Bb3 23.Re1 Rxe1
24.Kxe1 Be6 25.Kf2 Ra6 26.Bc5 Ra5 27.Bd4 Rb5 28.Bxf6+ Kxf6 29.Bd1 Bb3 30.Be2 Rb6
31.Bf3 Ke7 32.Re2+  1/2-1/2

[Event "ch-UKR semi-final"]
[Site "Alushta UKR"]
[Date "2011.05.04"]
[Round "2.63"]
[White "Muhtarov,L"]
[Black "Kotliar,Alexey"]
[Result "1-0"]
[WhiteElo "2131"]
[BlackElo "1930"]

1.Nf3 d5 2.g3 Nf6 3.Bg2 c6 4.d3 Bf5 5.Nbd2 h6 6.O-O e6 7.b3 Be7 8.Bb2 O-O
9.Qe1 Nbd7 10.e4 dxe4 11.dxe4 Bh7 12.Qe2 Qc7 13.Rad1 Rfd8 14.Ne1 Ne8 15.f4 Bf6
16.e5 Be7 17.g4 Nb6 18.f5 Bc5+ 19.Kh1 Nd5 20.Nd3 Bb6 21.Nc4 Qc8 22.f6 Bxd3
23.Rxd3 Bc5 24.fxg7 b5 25.Nd6 Nxd6 26.exd6 Bxd6 27.Qd2 Bf4 28.Rxf4 Nxf4 29.Qxf4 Rxd3
30.cxd3 Qd8 31.Qxh6 f6 32.Be4 Kf7 33.Qg6+ Kg8 34.Qh7+ Kf7  1-0

[Event "Ostravsky Konik A"]
[Site "Ostrava CZE"]
[Date "2011.05.04"]
[Round "5.2"]
[White "Sergeev,Vl"]
[Black "Flak,P"]
[Result "1/2-1/2"]
[WhiteElo "2481"]
[BlackElo "2193"]

1.Nf3 d5 2.g3 c6 3.Bg2 Bf5 4.d3 e6 5.Nbd2 Nf6 6.Nh4 Bg4 7.h3 Bh5 8.g4 Nfd7
9.Ndf3 Bg6 10.e3 Bd6 11.Qe2 Ne5 12.Nxg6 Nxf3+ 13.Qxf3 hxg6 14.Bd2 Nd7 15.O-O-O Qf6
16.Qe2 g5 17.Kb1 O-O-O 18.Rhf1 e5 19.Ba5 Rde8 20.c4 d4 21.Bd2 Nc5 22.b4 Na4
23.Be1 e4 24.Qc2 Nc3+ 25.Bxc3 dxc3 26.d4 Bxb4 27.Qa4 c5 28.dxc5 Bxc5 29.Rd5 Re5
30.Qd7+ Kb8 31.Rxe5 Rd8 32.Re8 Qb6+ 33.Qb5 Rxe8 34.Qxb6 Bxb6 35.Kc2 g6 36.Rd1 f5
37.gxf5 gxf5 38.Rd5 f4 39.Rxg5 f3 40.Bf1 Bd8 41.Rh5 Rg8 42.c5 Rg2 43.Kxc3 Bf6+
44.Kb4 Rxf2 45.Rf5 a5+ 46.Kb5 Rxf1 47.Rxf6 Re1 48.Kb6 Rb1+ 49.Kxa5 Rb2 50.a4 Rb3
51.h4 Rxe3 52.h5 Re2 53.Rf4 Rh2 54.Rxe4 Rxh5 55.Rf4 Rxc5+ 56.Kb4 Rh5 57.Rxf3 Ka7
58.Rf6  1/2-1/2

[Event "European Senior Team"]
[Site "Thessaloniki GRE"]
[Date "2011.05.04"]
[Round "2"]
[White "Norman,K"]
[Black "Raicevic,M"]
[Result "0-1"]
[WhiteElo "2188"]
[BlackElo "2364"]

1.Nf3 d5 2.g3 g6 3.Bg2 Bg7 4.d4 c5 5.O-O cxd4 6.Nxd4 Nc6 7.Nxc6 bxc6 8.c4 Nf6
9.Nc3 Be6 10.cxd5 cxd5 11.Bf4 O-O 12.Be5 Qa5 13.Qa4 Qxa4 14.Nxa4 Rac8 15.Rac1 Ne4
16.Bxg7 Kxg7 17.Bxe4 dxe4 18.Nc3 f5 19.Rfd1 Rfd8 20.Kf1 Kf6 21.Ke1 g5 22.Rxd8 Rxd8
23.Rd1 Rb8 24.b3 Ke5 25.e3 Rc8 26.Ne2 Rc2 27.Rd2 Rc5 28.Rd4 Bd5 29.Kd2 e6
30.b4 Rc7 31.a3 h5 32.h4 gxh4 33.gxh4 Rg7 34.Nf4 Rg4 35.b5 Rxf4  0-1

[Event "European Senior Team"]
[Site "Thessaloniki GRE"]
[Date "2011.05.04"]
[Round "2"]
[White "Pitzl,K"]
[Black "Wood,P"]
[Result "1-0"]
[WhiteElo "2095"]
[BlackElo "1879"]

1.Nf3 d5 2.g3 Nf6 3.Bg2 c6 4.O-O Bf5 5.b3 Nbd7 6.Bb2 e6 7.d3 Bc5 8.Nbd2 h6
9.e4 dxe4 10.dxe4 Bh7 11.e5 Nd5 12.a3 O-O 13.b4 Be7 14.c4 Nc7 15.Qb3 a5 16.c5 axb4
17.axb4 Nb5 18.Nc4 Be4 19.Nd6 Bd5 20.Qc2 Qc7 21.Nd2 Bxd6 22.exd6 Qd8 23.Nc4 Qg5
24.f4 Qg4 25.Ne3 Qh5 26.g4 Qh4 27.Bxd5 exd5 28.Qf5 Nf6 29.Bxf6 gxf6 30.Ng2 Qh3
31.Qxf6 Qxg4 32.Ra5 Rae8 33.Qh4 Qf5 34.Qxh6 f6 35.Nh4 Qg4+ 36.Kh1 Re2 37.Rg1 Qxg1+
38.Kxg1 Nd4 39.Ng6 Rfe8 40.Ne7+ R2xe7 41.dxe7 Rxe7  1-0

[Event "European Senior Team"]
[Site "Thessaloniki GRE"]
[Date "2011.05.04"]
[Round "2"]
[White "Dahl,Ivar M"]
[Black "Rodriguez Vargas,O"]
[Result "0-1"]
[WhiteElo "2136"]
[BlackElo "2405"]

1.Nf3 d5 2.g3 c6 3.Bg2 Bg4 4.O-O Nd7 5.d4 e6 6.b3 a5 7.c4 Ngf6 8.Nc3 Bd6
9.Bb2 O-O 10.Qc2 Bf5 11.Qc1 h6 12.Re1 Ne4 13.Nd2 Ndf6 14.f3 Nxd2 15.Qxd2 e5
16.cxd5 cxd5 17.e4 dxe4 18.fxe4 Bg6 19.Nd5 Re8 20.Nxf6+ Qxf6 21.Rf1 Qe7 22.d5 a4
23.Qd3 Qc7 24.Kh1 Qb6 25.Bc1 Rec8 26.Bd2 Qa6 27.Qxa6 Rxa6 28.Rac1 Rxc1 29.Rxc1 axb3
30.axb3 Kf8 31.Bf3 Ra2 32.Be3 Rb2 33.Rc3 Ke7 34.Kg1 f5 35.exf5 Bxf5 36.Bb6 Bc2
37.Rc8 Rxb3 38.Bd8+ Kf7 39.Bh5+ Bg6 40.Bg4 Be4 41.Be6+ Kg6 42.Rc4 Bd3 43.Rc1 e4
44.g4 e3 45.h4 h5 46.g5 Rb2 47.Bc7 Bxc7 48.Rxc7 Rb1+ 49.Kg2 e2  0-1

[Event "ch-UKR semi-final"]
[Site "Alushta UKR"]
[Date "2011.05.05"]
[Round "3.17"]
[White "Jarovinsky,A"]
[Black "Iakymov,Volodymyr"]
[Result "1/2-1/2"]
[WhiteElo "2309"]
[BlackElo "2483"]

1.Nf3 d5 2.g3 Nc6 3.d4 Bf5 4.Bg2 e6 5.O-O Be7 6.c4 Nf6 7.cxd5 exd5 8.Nc3 O-O
9.Ne5 Ne4 10.Nxc6 bxc6 11.Nxe4 Bxe4 12.Be3 Rb8 13.Bxe4 dxe4 14.Qc2 Qd5 15.b3 Ba3
16.Bc1 Bd6 17.Be3 Rb5 18.Rac1 Ba3 19.Rcd1 Re8 20.Bf4 Qd7 21.f3 Rd5 22.fxe4 Rxd4
23.e3 Rxd1 24.Rxd1 Qe6 25.Bxc7 h6 26.e5 Be7 27.Kg2 h5 28.h3 h4 29.g4 Bg5
30.Qf5 Bxe3 31.Kf3 Bc5 32.Qxe6 Rxe6 33.Bd6 Bb6 34.Rc1 f6 35.Rxc6 fxe5 36.Ke4 Bd4
37.b4 Rf6 38.b5 Rf4+ 39.Kd5 Rf3 40.Bxe5 Bxe5 41.Kxe5 Rxh3 42.Kf5 Rf3+ 43.Kg5 h3
44.Rc2 Kh7 45.Kh4 Ra3 46.Rh2 Kh6 47.g5+ Kg6 48.Rb2 Kf5 49.Rf2+ Ke5 50.Rh2 g6
51.Rb2 Kd4 52.b6 axb6 53.Rxb6 h2 54.Rb1 Ke4 55.Kg4 Rxa2 56.Re1+ Kd5 57.Kg3 Re2
58.Rh1 Ke5 59.Rxh2 Re3+ 60.Kg4 Re4+ 61.Kf3 Kf5 62.Ra2 Re5 63.Ra3 Kxg5 64.Kg3 Re1
65.Ra5+ Kh6 66.Rb5 Rg1+ 67.Kh2 Ra1 68.Kg3 Ra3+ 69.Kg4 Ra6 70.Kh4 Ra4+ 71.Kg3 g5
72.Rb8 Ra3+  1/2-1/2

[Event "29th Metz Open A"]
[Site "Longeville-les-Metz FRA"]
[Date "2011.05.06"]
[Round "7.5"]
[White "Venkatesh,M"]
[Black "Michiels,B"]
[Result "0-1"]
[WhiteElo "2463"]
[BlackElo "2484"]

1.Nf3 d5 2.g3 Nf6 3.Bg2 c6 4.d3 Nbd7 5.Nbd2 e5 6.e4 dxe4 7.dxe4 Bc5 8.O-O O-O
9.h3 Qc7 10.Kh1 b6 11.Ne1 Ba6 12.Nd3 Rad8 13.f4 Be3 14.Qf3 Bxd2 15.Bxd2 Nc5
16.fxe5 Nfxe4 17.Bf4 Nxd3 18.cxd3 Nc5 19.Qxc6 Qxc6 20.Bxc6 Nxd3 21.Rf3 Nb4
22.Be4 Rd4 23.Re1 Nxa2 24.Kg1 Nb4 25.Ra3 Bd3 26.Bxd3 Nxd3 27.Rf1 Rd7 28.b3 a5
29.Be3 Re8 30.Bf4 Rc8 31.Ra4 h6 32.h4 Rc3 33.Rb1 Nc5 34.Rc4 Rxb3 35.Rxb3 Nxb3
36.Rc8+ Kh7 37.Rb8 a4 38.Rxb6 Ra7 39.e6 fxe6 40.Bb8 Ra5 41.Kf2 Nc5 42.Bc7 a3  0-1

[Event "Ostravsky Konik A"]
[Site "Ostrava CZE"]
[Date "2011.05.06"]
[Round "7.24"]
[White "Adamek,J"]
[Black "Leks,M"]
[Result "1/2-1/2"]
[WhiteElo "2240"]
[BlackElo "2056"]

1.Nf3 d5 2.g3 Nf6 3.Bg2 Bf5 4.O-O e6 5.d3 Be7 6.Nbd2 O-O 7.h3 h6 8.Re1 c5
9.e3 Nc6 10.Qe2 Qd7 11.Kh2 Nb4 12.Nf1 c4 13.Rd1 cxd3 14.cxd3 Qb5 15.Ne1 e5
16.g4 Bh7 17.Ng3 Rac8 18.a3 Nc6 19.Bd2 Bd6 20.Kg1 Na5 21.Bxa5 Qxa5 22.Rac1 e4
23.d4 Bxg3 24.fxg3 Qb6 25.Rc2 Qd6 26.Kh2 Rc6 27.Rxc6 Qxc6 28.Rd2 Rc8 29.Rc2 Qd7
30.Bf1 a6 31.Qf2 Rc6 32.Qf4 g5 33.Qf2 Kg7 34.Qd2 Ng8 35.Qc1 Ne7 36.Rc5 f5
37.Be2 fxg4 38.Bxg4 Bf5 39.Rxc6  1/2-1/2

[Event "TCh-SVK Extraliga 2010-11"]
[Site "Slovakia SVK"]
[Date "2011.05.06"]
[Round "9"]
[White "Mrva,Mart"]
[Black "Velicka,P"]
[Result "1/2-1/2"]
[WhiteElo "2471"]
[BlackElo "2490"]

1.Nf3 d5 2.g3 Nf6 3.Bg2 Bg4 4.c4 c6 5.Ne5 Be6 6.cxd5 Bxd5 7.Nf3 c5 8.Nc3 Bc6
9.O-O e6 10.Re1 Nbd7 11.e4 e5 12.a3 Bd6 13.b4 cxb4 14.axb4 Bxb4 15.Nd5 Bd6
16.d4 O-O 17.Rb1 Bxd5 18.exd5 e4 19.Ng5 Rb8 20.Nxe4 Nxe4 21.Rxe4 Re8 22.Qa4 Rxe4
23.Bxe4 a6 24.Bd2 Nf6 25.Bf3 Qd7 26.Qa2 h6 27.Kg2 Qd8 28.Ba5 Qd7 29.Bb6 Rc8
30.Qa5 Bc7 31.Bxc7 Qxc7 32.Qb6 Qxb6 33.Rxb6 Rd8 34.d6 Ne8 35.Bxb7 Nxd6 36.Bxa6 Nf5
37.Bc4 Nxd4 38.Rb7 Ne6 39.h4 h5 40.f4 g6 41.Kf3 Rd6 42.Ke3 Kg7 43.Bxe6  1/2-1/2

[Event "ch-UKR semi-final"]
[Site "Alushta UKR"]
[Date "2011.05.07"]
[Round "5.16"]
[White "Jarovinsky,A"]
[Black "Zubarev,Al1"]
[Result "1-0"]
[WhiteElo "2309"]
[BlackElo "2600"]

1.Nf3 d5 2.g3 g6 3.Bg2 Bg7 4.d3 Nf6 5.O-O O-O 6.Nbd2 c5 7.e4 Nc6 8.c3 e6
9.e5 Nd7 10.d4 a5 11.Re1 b5 12.h4 b4 13.Nf1 a4 14.a3 bxc3 15.bxc3 f6 16.exf6 Nxf6
17.Bf4 Ne4 18.Rc1 Qa5 19.Re3 Bd7 20.h5 gxh5 21.Ne5 Be8 22.Nxc6 Bxc6 23.Qxh5 Be8
24.Qg4 Kh8 25.Rxe4 dxe4 26.Bxe4 Ra7 27.Bd6 Rg8 28.Qh3 Bf6 29.Qxe6 Qd8 30.dxc5 Bf7
31.Qh3 Bg6 32.Bxg6 Rxg6 33.Rb1 Qd7 34.Qg2 Bxc3 35.Qf3 Bf6 36.Rb8+ Kg7 37.Ne3 Rg5
38.Nd5 Qe6 39.Nxf6  1-0

[Event "13th Salou Open"]
[Site "Salou ESP"]
[Date "2011.05.07"]
[Round "5"]
[White "Hamdouchi,A"]
[Black "Rivas Pastor,M"]
[Result "0-1"]
[WhiteElo "2268"]
[BlackElo "2533"]

1.Nf3 d5 2.g3 Bg4 3.Bg2 e6 4.O-O Nf6 5.d3 Be7 6.Nbd2 O-O 7.h3 Bh5 8.e4 h6
9.Qe2 Nbd7 10.e5 Ne8 11.g4 Bg6 12.Nh2 c5 13.f4 Bh7 14.f5 Qc7 15.f6 gxf6 16.Ndf3 Nxe5
17.Bxh6 Ng7 18.Rae1 Ng6 19.g5 f5 20.c4 dxc4 21.dxc4 Rfd8 22.Bxg7 Kxg7 23.h4 Qg3
24.Qf2 Qxf2+ 25.Rxf2 Bd6 26.Nf1 Nf4 27.Rd1 Nxg2 28.Kxg2 Bf4 29.Re1 Bg6 30.Ng3 Rd3
31.Ne2 Bc7 32.Nc1 Rd7 33.Ne5 Bxe5 34.Rxe5 Rh8 35.Rf4 Rd2+ 36.Re2 Rxe2+ 37.Nxe2 e5  0-1

[Event "ch-UKR semi-final"]
[Site "Alushta UKR"]
[Date "2011.05.08"]
[Round "6.12"]
[White "Onischuk,V"]
[Black "Pavlov,Ma"]
[Result "1-0"]
[WhiteElo "2498"]
[BlackElo "2364"]

1.Nf3 d5 2.g3 Nf6 3.Bg2 c6 4.d3 Bf5 5.O-O e6 6.Nbd2 h6 7.Qe1 Be7 8.e4 Bh7
9.Qe2 O-O 10.b3 a5 11.a3 Nbd7 12.Bb2 b5 13.Rfe1 Qb6 14.h3 b4 15.a4 Rfd8 16.Rad1 Rac8
17.Kh2 Qa6 18.Ng1 Nb6 19.f4 dxe4 20.Nxe4 Nbd5 21.Nd2 Nd7 22.Ngf3 Bf6 23.Ne5 Nxe5
24.fxe5 Be7 25.Rf1 Qa7 26.Nc4 Rf8 27.Rde1 Bc5 28.h4 Rcd8 29.Bh3 Qc7 30.Rf3 Ne7
31.Ref1 Nf5 32.Rf4 Rd7 33.Qf3 Rd5 34.h5 Rd7 35.Kh1 Rd5 36.g4 Nd4 37.Bxd4 Rxd4
38.Rxd4 Bxd4 39.g5 hxg5 40.Bxe6 Bxe5 41.Qxf7+ Rxf7 42.Rxf7 Kh8 43.Rf8+ Bg8
44.Rxg8+ Kh7 45.Rc8 Qe7 46.Bf5+ g6 47.Re8 Qc5 48.hxg6+ Kg7 49.Nxe5 Qf2 50.Re7+ Kf8
51.Rf7+ Kg8 52.Be6 Qe1+ 53.Rf1+  1-0

[Event "TCh-SVK Extraliga 2010-11"]
[Site "Slovakia SVK"]
[Date "2011.05.08"]
[Round "11"]
[White "Mrva,Mart"]
[Black "Michalik,P"]
[Result "0-1"]
[WhiteElo "2471"]
[BlackElo "2471"]

1.Nf3 d5 2.g3 c6 3.Bg2 Bg4 4.c4 e6 5.cxd5 Bxf3 6.Bxf3 cxd5 7.O-O Nf6 8.d3 Nc6
9.Nc3 Be7 10.e4 dxe4 11.dxe4 O-O 12.Bf4 Nd7 13.Bg2 Nde5 14.Qb3 Qb6 15.Qxb6 axb6
16.Rfd1 g5 17.Be3 Nc4 18.Bc1 Rfd8 19.Bf1 N4e5 20.Be3 Bc5 21.Bxg5 Rxd1 22.Rxd1 Nf3+
23.Kg2 Nxg5 24.h4 Nxe4 25.Nxe4 Rxa2 26.Rd7 Na5 27.h5 h6 28.Rd2 Nb3 29.Rd8+ Kg7
30.Rd7 Na5 31.Rd2 Bb4 32.Rc2 Nc6 33.g4 Ba3 34.Rc3 Bc5 35.Rc2 Bd4 36.f4 Nb4
37.Rc7 Nd5 38.Rd7 Rxb2+ 39.Kf3 Rb3+ 40.Ke2 Re3+  0-1

[Event "TCh-SUI 2011"]
[Site "Switzerland SUI"]
[Date "2011.05.08"]
[Round "4.3"]
[White "Sermier,G"]
[Black "Edouard,R"]
[Result "0-1"]
[WhiteElo "2421"]
[BlackElo "2634"]

1.g3 d5 2.Nf3 c6 3.Bg2 Bg4 4.d3 Nd7 5.Nbd2 e6 6.O-O Bd6 7.h3 Bh5 8.Qe1 Ne7
9.e4 O-O 10.Nh4 Qc7 11.d4 Qb6 12.c3 e5 13.g4 Bg6 14.dxe5 Nxe5 15.Qe2 Rae8
16.Kh1 Bxe4 17.Nxe4 dxe4 18.Bxe4 Nd5 19.Nf5 Bb8 20.Qc2 Ng6 21.Ng3 Qd8 22.Bg2 Bxg3
23.fxg3 Ne3 24.Bxe3 Rxe3 25.Rf3 Qe7 26.Rxe3 Qxe3 27.Kh2 Rd8 28.Rd1 Rxd1 29.Qxd1 Qf2
30.Qb1 Ne5 31.Qe4 f6 32.g5 Qxb2 33.gxf6 gxf6 34.Qf5 Kg7 35.g4 Qxc3 36.Be4 Qd2+
37.Kh1 Ng6 38.Qe6 Qe1+ 39.Kh2 Qf2+ 40.Kh1 Qf1+ 41.Kh2 Qxh3+  0-1

[Event "ch-Euro Indiv Women"]
[Site "Tbilisi GEO"]
[Date "2011.05.08"]
[Round "2"]
[White "Rogule,L"]
[Black "Kosintseva,N"]
[Result "0-1"]
[WhiteElo "2362"]
[BlackElo "2567"]

1.Nf3 d5 2.g3 Bg4 3.Bg2 Nd7 4.d3 e6 5.O-O Bd6 6.Nbd2 Ne7 7.h3 Bh5 8.e4 O-O
9.Qe1 c5 10.Nh2 Qc7 11.c3 f6 12.f4 Bf7 13.exd5 exd5 14.Qf2 Rfe8 15.Ndf3 d4
16.cxd4 cxd4 17.Nxd4 Bc5 18.Be3 Nd5 19.Bxd5 Bxd5 20.Nc2 Be6 21.g4 Qd6 22.Rfd1 Rad8
23.d4 Bb6 24.b3 Bd5 25.Nf1 Be4 26.Ne1 Nb8 27.Ng3 Nc6 28.Nxe4 Rxe4 29.Nc2 Rde8
30.Rd3 f5 31.Rad1 Qd5 32.Qf3 Bc7 33.Kg2 Rf8 34.g5 Rfe8 35.R1d2 Ne7 36.a3 Ng6
37.Nb4 Nh4+ 38.Kf2 Qd7 39.Qg3 Ng6 40.d5 Nxf4 41.d6 Nxd3+ 42.Rxd3 Rxe3 43.Rxe3 Bb6
44.Nd5 Bxe3+ 45.Nxe3 f4  0-1

[Event "European Senior Team"]
[Site "Thessaloniki GRE"]
[Date "2011.05.08"]
[Round "6"]
[White "Byway,P"]
[Black "Baumbach,F"]
[Result "1/2-1/2"]
[WhiteElo "2162"]
[BlackElo "2283"]

1.Nf3 d5 2.g3 Bf5 3.Bg2 e6 4.O-O c6 5.d3 h6 6.Nbd2 Nf6 7.b3 Be7 8.Bb2 O-O
9.c4 Nbd7 10.Qc2 Bh7 11.Rac1 a5 12.a3 Qb8 13.cxd5 exd5 14.Nd4 Re8 15.Bh3 Bf8
16.N2f3 Qc7 17.Rce1 Bd6 18.Rc1 Qd8 19.a4 Ne5 20.Nxe5 Bxe5 21.Nf3 Bxb2 22.Qxb2  1/2-1/2

[Event "TCh-POL Ekstraliga"]
[Site "Wroclaw POL"]
[Date "2011.05.08"]
[Round "3.3"]
[White "Slaby,Je"]
[Black "Mastrovasilis,D"]
[Result "0-1"]
[WhiteElo "2481"]
[BlackElo "2601"]

1.Nf3 d5 2.g3 Bg4 3.Bg2 c6 4.O-O Nd7 5.d4 e6 6.Nbd2 Ngf6 7.Re1 Be7 8.e4 O-O
9.c3 Bh5 10.Qb3 Qb6 11.c4 Bxf3 12.Bxf3 Qxd4 13.exd5 Bc5 14.Rf1 cxd5 15.cxd5 exd5
16.Qxb7 Ne5 17.Qb3 Rfe8 18.Qd1 Bb6 19.Kg2 Rac8 20.a4 Nd3 21.Nb3 Qc4 22.a5 Bxf2
23.Rxf2 Re1 24.Nd2 Qd4  0-1

[Event "ch-UKR semi-final"]
[Site "Alushta UKR"]
[Date "2011.05.09"]
[Round "7.15"]
[White "Jarovinsky,A"]
[Black "Budnikov,O"]
[Result "1/2-1/2"]
[WhiteElo "2309"]
[BlackElo "2435"]

1.Nf3 d5 2.g3 Nf6 3.Bg2 e6 4.O-O Be7 5.d3 c5 6.Nbd2 Nc6 7.e4 O-O 8.Re1 b5
9.a3 a5 10.e5 Nd7 11.Nf1 Ba6 12.h4 b4 13.N1h2 bxa3 14.bxa3 Rc8 15.Bg5 Nd4
16.Qd2 Nxf3+ 17.Bxf3 Re8 18.Ng4 h5 19.Bxe7 Qxe7 20.Nh2 c4 21.Qxa5 Ra8 22.d4 g6
23.Reb1 Rec8 24.Be2 Nb8 25.Qc3 Nc6 26.Nf3 Rcb8 27.Rd1 Bb5 28.Ng5 Ra4 29.g4 hxg4
30.Qg3 Kg7 31.Qxg4 c3 32.Bxb5 Rxb5 33.Nf3 Rb8 34.h5 Rh8 35.Kg2 Rxh5 36.Rh1 Nxe5
37.Qf4 Nd7 38.Rxh5 gxh5 39.Rg1 Kf8 40.Ne5 Ke8 41.Nc6 Qf6 42.Qc7 Qg5+ 43.Kf1 Qc1+
44.Kg2 Qg5+ 45.Kf1 Qc1+ 46.Kg2 Qg5+  1/2-1/2

[Event "ch-UKR semi-final"]
[Site "Alushta UKR"]
[Date "2011.05.09"]
[Round "7.17"]
[White "Sivuk,V"]
[Black "Ljukin,S"]
[Result "0-1"]
[WhiteElo "2417"]
[BlackElo "2360"]

1.Nf3 d5 2.g3 Nc6 3.c4 d4 4.d3 e5 5.Bg2 Bd6 6.O-O Nf6 7.Bg5 h6 8.Bxf6 Qxf6
9.Nbd2 Qe7 10.Ne1 O-O 11.Nc2 Bg4 12.Rb1 a5 13.Re1 f5 14.a3 Bh5 15.b4 axb4
16.axb4 Nxb4 17.c5 Nxd3 18.cxd6 cxd6 19.Rxb7 Qf6 20.Nb4 Nxe1 21.Qxe1 e4 22.Nd5 Qe5
23.Ne7+ Kh7 24.h3 d5 25.Nb3 Ra4 26.Nc6 Qf6 27.Nb4 Rc8 28.Qd2 Rc4 29.Rb5 Bf7
30.e3 Qd6 31.Nc2 d3 32.Ncd4 Qa6 33.Rb8 Ra2 34.Qd1 Qa3 35.Rb7 Qb2 36.Qf1 Rxd4
37.exd4 Bh5 38.g4 fxg4 39.hxg4 Bxg4 40.Qe1 Qe2 41.Qf1 Rb2 42.Rb5 d2  0-1

[Event "Sten Open"]
[Site "Hradec Kralove CZE"]
[Date "2011.05.09"]
[Round "2"]
[White "Dosedel,J"]
[Black "Langr,J"]
[Result "1-0"]
[WhiteElo "2098"]
[BlackElo "1650"]

1.Nf3 d5 2.g3 c5 3.Bg2 Nc6 4.d3 e5 5.Nbd2 Nf6 6.O-O Be7 7.e4 dxe4 8.dxe4 O-O
9.c3 Qc7 10.Qc2 h6 11.Nh4 Nh7 12.Nf5 Ng5 13.Nc4 Ne6 14.Nce3 Bg5 15.h4 Bxe3
16.Bxe3 b6 17.Qe2 a5 18.Rfd1 Ba6 19.Qg4 Kh7 20.Bh3 Ne7 21.Qh5 Ng8 22.Nd6 g6
23.Qxe5 Be2 24.Rd2 Bf3 25.Bxe6 fxe6 26.Qxe6 Rf6 27.Nb5 Qg7 28.Qd7 Rf7 29.Qc6 Rb8
30.Bf4 Rbb7 31.Rd3 Be2 32.Re3 Rf6 33.Nd6 Ba6 34.e5 Re6 35.Qc8 Ree7 36.Nxb7 Bxb7
37.Qg4 Qf7 38.e6 Qe8 39.h5 g5 40.Qf5+  1-0

[Event "European Senior Team"]
[Site "Thessaloniki GRE"]
[Date "2011.05.09"]
[Round "7.6.2"]
[White "Gunnarsson,Gun"]
[Black "Van Herck,M"]
[Result "1/2-1/2"]
[WhiteElo "2209"]
[BlackElo "2135"]

1.Nf3 d5 2.g3 Nf6 3.Bg2 c6 4.O-O Bg4 5.d3 Nbd7 6.Nc3 e6 7.e4 Ne5 8.exd5 cxd5
9.Re1 Nxf3+ 10.Bxf3 Bxf3 11.Qxf3 Be7 12.Bg5 O-O 13.Re2  1/2-1/2